Un Film = Un Pays de production - Statistiques

Statistiques générales
  • Ce quiz a été pris 26 fois
  • Le résultat moyen est 6 sur 20
Statistiques - réponses
Hint Réponse % Correct
Le Parrain 2 (Gangsters) 1974 États-Unis
71%
La Vague (Drame, thriller) 2008 Allemagne
52%
C'est arrivé près de chez vous (Comédie noire, thriller) 1992 Belgique
52%
Mad Max (Science fiction, action) 1979 Australie
48%
Pour une poignée de dollars (Western) 1964 Italie
48%
Lawrence d'Arabie (Aventure, drame) 1962 Royaume-Uni
38%
Cube (Horreur, Science fiction) 1997 Canada
33%
Budapest (Comédie) 2018 France
33%
Braindead (comédie horrifique) 1992 Nouvelle-Zélande
29%
Katyń (Drame, Guerre) Pologne
29%
Rabies (Horreur) 2010 Israël
19%
Suicide Club (Polar horrifique) 2001 Japon
19%
The Troll Hunter (Fantastique) 2010 Norvège
19%
Morse (Horreur, Fantastique) 2008 Suède
19%
Joyland (Drame) 2022 Pakistan
14%
Incantation (Horreur) 2022 Taïwan
14%
Viva Riva ! (Policier) 2010 République démocratique du Congo
10%
The Human Centipede (Horreur) 2009 Pays-Bas
5%
Un Juif pour l'exemple (Drame) 2016 Suisse
5%
Cronos (Horreur) 1993 Mexique
0%
Aucun quiz correspondant
Distribution des résultats
% des personnes avec chaque résultat
Percentile par nombre de réponses
Votre historique - résultats
Vous n’avez pas pris ce quiz